| 000 | 00901ntm a22003497a 4500 | ||
|---|---|---|---|
| 005 | 20231113190946.0 | ||
| 008 | 210602b2020 xxu||||| |||| 00| 0 spa d | ||
| 020 | _a9786075269184 | ||
| 041 | _aESP | ||
| 082 | _a658.15 V651m7 | ||
| 100 |
_aVidaurri Aguirre, Héctor Manuel _929411 |
||
| 245 | _aMatemáticas financieras | ||
| 250 | _a7 edición | ||
| 260 | _aMéxico | ||
| 260 | _bCengage Learning | ||
| 260 | _c2020 | ||
| 300 | _a558 páginas | ||
| 650 | 0 | _aMATEMÁTICAS FINANCIERAS | |
| 650 | 0 | _aPORCENTAJES | |
| 650 | 0 | _aVARIACIÓN PROPORCIONAL | |
| 650 | 0 | _aINTERÉS SIMPLE | |
| 650 | 0 | _aDESCUENTO SIMPLE | |
| 650 | 0 | _aINTERÉS COMPUESTO | |
| 650 | 0 | _aINFLACIÓN | |
| 650 | 0 | _aANUALIDADES | |
| 650 | 0 | _aTIPOS DE AMORTIZACIÓN | |
| 650 | 0 | _aBONOS | |
| 650 | 0 | _aDEPRECIACIÓN | |
| 942 |
_cBK _2ddc |
||
| 999 |
_c12972 _d12972 |
||